| 000 | 00527nam a2200205Ia 4500 | ||
|---|---|---|---|
| 005 | 20240823053224.0 | ||
| 008 | 240823s9999||||xx |||||||||||||| ||und|| | ||
| 020 | _a978-0-07-070125-0 | ||
| 041 | _aENGLISH | ||
| 082 | _A620.11282 Q3 | ||
| 100 | _a"Timoshenko,Stephen" | ||
| 245 | 0 | _aTheory of Plates and Shells | |
| 250 | _a2nd | ||
| 260 |
_c2013 _bMcGraw - Hill Higher Educ _aNew York |
||
| 500 | _aYES | ||
| 650 |
_aPlates and Shells _bMechanical |
||
| 700 | _a Woinowsky Krieger S | ||
| 942 | _cBK | ||
| 999 |
_c223678 _d223678 |
||